000
00303nam a22001217a 4500
020
_a
9780071070140
082
_a
530
_b
RAJ/EN
100
_a
Rajendran V.
_9
1205
245
_a
Engineering Physics
260
_a
New Delhi
_b
Tata McGraw- Hill Publishing Company Limited
_c
2011
300
_a
27.34
942
_c
BK
999
_c
14682
_d
14682